State income of Orissa, (Record no. 73414)

MARC details
000 -LEADER
fixed length control field 00600cam a22002171 4500
001 - CONTROL NUMBER
control field sa 67002755
003 - CONTROL NUMBER IDENTIFIER
control field DLC
005 - DATE AND TIME OF LATEST TRANSACTION
control field 20260227112333.0
008 - FIXED-LENGTH DATA ELEMENTS--GENERAL INFORMATION
fixed length control field 861023s1964 ii a 000 0 eng
010 ## - LIBRARY OF CONGRESS CONTROL NUMBER
LC control number sa 67002755
025 ## - OVERSEAS ACQUISITION NUMBER
Overseas acquisition number PL480:I-E-6795
035 ## - SYSTEM CONTROL NUMBER
System control number (OCoLC)14509698
040 ## - CATALOGING SOURCE
Original cataloging agency DLC
Transcribing agency WaU
Modifying agency WaU
-- DLC
042 ## - AUTHENTICATION CODE
Authentication code premarc
050 00 - LIBRARY OF CONGRESS CALL NUMBER
Classification number HC437.O7
Item number A517
110 1# - MAIN ENTRY--CORPORATE NAME
Corporate name or jurisdiction name as entry element Orissa (India).
Subordinate unit Bureau of Statistics and Economics.
245 10 - TITLE STATEMENT
Title State income of Orissa,
Remainder of title 1951-52 to 1962-63.
260 ## - PUBLICATION, DISTRIBUTION, ETC.
Place of publication, distribution, etc. [Cuttack,
Date of publication, distribution, etc. 1964]
300 ## - PHYSICAL DESCRIPTION
Extent 94 p.
Other physical details illus.
Dimensions 25 cm.
650 #0 - SUBJECT ADDED ENTRY--TOPICAL TERM
Topical term or geographic name entry element Income
Geographic subdivision India
-- Orissa.

No items available.

Powered by Koha